แสดงรายละเอียดบรรณานุกรม
  กลับหน้าหลัก

Brief Record : Get Marc (ISO 2709) : E-mail record : QR code ปิดหน้าต่าง
E-books : เกี่ยวกับ Collections
LEADER 00000nam 2200000uu 4500
001    213732
003     ULIBM
008    230811s||||||||th 000 0 tha d
020    ^a9786164434363
041    ^atha^beng
060 04 ^aWQ248^bน927 2563
245 00 ^aแนวทางการดูแลรักษาภาวะเบาหวานขณะตั้งครรภ์ในโรงพยาบาลศิริราช :^bจากงานวิจัยสู่งานประจำ = Clinical practice guidelinediabetes mellitus during pregnancy in Siriraj Hospital :from research to routine /^cบรรณาธิการ, ประเสริฐ ศันสนีย์วิทยกุล,ดิฐกานต์ บริบูรณ์หิรัญสาร
246 31 ^aClinical practice guideline diabetes mellitus duringpregnancy in Siriraj Hospital :^bfrom research to routine
250    ^aพิมพ์ครั้งที่ 2 (แก้ไขปรับปรุง)
260    ^aกรุงเทพฯ :^bภาควิชาสูติศาสตร์-นรีเวชวิทยา คณะแพทยศาสตร์ศิริราชพยาบาลมหาวิทยาลัยมหิดล,^c2563
300    ^a81 หน้า ;^c26 ซม
650  4 ^aงานประจำสู่การวิจัย
650  4 ^aเบาหวานในหญิงมีครรภ์
700 0  ^aประเสริฐ ศันสนีย์วิทยกุล,^eบรรณาธิการ
700 0  ^aดิฐกานต์ บริบูรณ์หิรัญสาร,^eบรรณาธิการ
710 2  ^aมหาวิทยาลัยมหิดล.^bคณะแพทยศาสตร์ศิริราชพยาบาล.^bภาควิชาสูตินารีเวชวิทยา
999    ^aใช้งานได้ทุกระบบ
รายการนี้ยังไม่มีแท็ก
คุณยังไม่ได้ล็อกอิน คุณสามารถมีกิจกรรมร่วมกับเว็บไซต์ได้ แต่ต้องล็อกอินก่อน ::
  ล็อกอิน
ลำดับที่ ประเภท เลขเรียก สถานที่ สถานะ
1. การพยาบาล (ตำราหลัก)
การพยาบาล (ตำราหลัก)
WQ248 น927 2563 ฉ.1 
  
การพยาบาลมารดาทารก On Shelf
  ขอยืม
Note:จัดซื้อปีงบประมาณ 2565
2. การพยาบาล (ตำราหลัก)
การพยาบาล (ตำราหลัก)
WQ248 น927 2563 ฉ.2 
  
การพยาบาลมารดาทารก On Shelf
  ขอยืม
Note:จัดซื้อปีงบประมาณ 2565
3. การพยาบาล (ตำราหลัก)
การพยาบาล (ตำราหลัก)
WQ248 น927 2563 ฉ.3 
  
การพยาบาลมารดาทารก ถูกยืม กำหนดส่งวันที่ 23 เมษายน 2569
  จอง
Note:จัดซื้อปีงบประมาณ 2565
4. การพยาบาล (ตำราหลัก)
การพยาบาล (ตำราหลัก)
WQ248 น927 2563 ฉ.4 
  
การพยาบาลมารดาทารก On Shelf
  ขอยืม
Note:จัดซื้อปีงบประมาณ 2565
5. การพยาบาล (ตำราหลัก)
การพยาบาล (ตำราหลัก)
WQ248 น927 2563 ฉ.5 
  
การพยาบาลมารดาทารก On Shelf
  ขอยืม
Note:จัดซื้อปีงบประมาณ 2565
   [แสดง 5/5 รายการ]

รายการใกล้เคียง
    หัวเรื่อง [เบาหวานในหญิงมีครรภ์]

BibComment


ยังไม่เคยถูกคอมเมนท์

คอมเมนท์ทรัพยากรรายการนี้
  คอมเมนท์: แนวทางการดูแลรัก..
Bib 213732

 
 
 

 Union Library Management : ULibM
Copyright 2026. All Rights Reserved.
скачать бесплатно без регистрации порно красивый секс HD Sex Hindi sex

xxx gou

xxxx

bfxxx

xxxwww

Секса Видео

xxxx

Секса Видео

detube

geilexxx

C99 Shell

worms shell

blod xxx video
Ebony Coed Rihanna Rimes Takes A Dick In Her Young Twat priyaa indian fuck anal and pusssy hardcore indian women xxx desi hardcore fucking part 1 bengalixxxcouple